La familia: una aventura
Uloženo v:
| Hlavní autoři: | , , , |
|---|---|
| Médium: | Kniha |
| Jazyk: | španělština |
| Vydáno: |
Santiago
Universidad Católica de Chile
2006
|
| Vydání: | 7a. ed |
| Edice: | Lecciones
|
| Témata: | |
| Tagy: |
Přidat tag
Žádné tagy, Buďte první, kdo vytvoří štítek k tomuto záznamu!
|
MARC
| LEADER | 00000cam a2200000 a 4500 | ||
|---|---|---|---|
| 001 | UCF4784 | ||
| 003 | CL-VaPUC | ||
| 008 | 130103e20060000CL |||||||||||||||||spa|d | ||
| 020 | |a 9561408465 | ||
| 082 | 0 | 4 | |a 306.85 |b ELS |2 21 |
| 100 | 0 | |a Elsner Vásquez, Paulina |e author |9 566407 | |
| 700 | 0 | |a Zegers Prado, Beatriz |e author |9 566408 | |
| 700 | 0 | |a Reyes Vergara, Carmen |e author |9 566409 | |
| 700 | 0 | |a Montero Labbé, María de la Luz |e author |9 566410 | |
| 245 | 1 | 3 | |a La familia: una aventura |
| 250 | |a 7a. ed | ||
| 300 | |a 164 p | ||
| 942 | |c BK | ||
| 945 | |d 20130103 00:00:00 |a cmena | ||
| 260 | |a Santiago |b Universidad Católica de Chile |c 2006 | ||
| 650 | 0 | |a Familias |9 255641 | |
| 650 | 0 | |a Vida familiar |9 308049 | |
| 650 | 7 | |a MATRIMONIO |2 CL-VaPUC |9 566411 | |
| 650 | 7 | |a ROL DE LOS PADRES |2 CL-VaPUC |9 338980 | |
| 650 | 0 | |a Relación padres e hijos |9 458139 | |
| 583 | |a last modification |c 20130103 11:06:00 |k Rodrigo Vera | ||
| 490 | 0 | |a Lecciones | |
| 999 | |c 350481 |d 350479 | ||
| 952 | |0 0 |1 0 |4 0 |6 306_850000000000000_ELS_2006 |7 0 |8 A |9 453834 |a BIBEDU |b BIBEDU |d 2019-11-22 |i 4937678 |o 306.85 ELS 2006 |p 4937678 |r 2019-11-22 |w 2019-11-22 |y BK |k EPE | ||